000 01241nam a2200325 i 4500
003 EG-GICUC
005 20260121101329.0
008 251120s1981 ua ||||fr|||| 001 0 ara d
017 _a1980/4776
020 _a9772664011
040 _a EG-GICUC
_bara
_c EG-GICUC
_d EG-GICUC
_erda
041 _aara
082 0 4 _a343.41
_bم ع . و
_221
092 0 4 _221
099 _aLaw1 10 343.41 م ع . و 1981 1006896
100 0 _aمعوض عبد التواب.
_eمؤلف.
245 1 2 _aالوسيط في شرح قوانين التموين والتسعير الجبري وأمن الدولة الحديثة /
_cمعوض عبد التواب.
264 1 _aالقاهرة :
_bمكتبة الأنجلو المصرية،
_c1981.
300 _a319 صفحة ؛
_c24 سم.
336 _2rda content
_atext
337 _2rda media
_aComputer
338 _2rda carrier
_aOnline Resource
504 _aيشتمل على ارجاعات ببليوجرافية.
546 _aالنص باللغة العربية
650 1 _aالتشريعات ذات الطبيعة المالية والإقتصادية.
_2qrmak
651 1 _2qrmak
856 4 0 _uhttps://fll.law.cu.edu.eg/fulltext/bks/B10-06896.pdf
905 _a18
942 _2ddc
_n0
_cBK
_e21
999 _c45204
_d45204